|
|
|
|
| LEADER |
00909cam a2200241 7i4500 |
| 001 |
0000066691 |
| 005 |
20220303090000.0 |
| 020 |
|
|
|a 9781292142265
|
| 020 |
|
|
|a 9781292142272 (electronic book)
|
| 090 |
0 |
0 |
|a HE7551
|b .W65 2016
|
| 100 |
1 |
|
|a Wolfe, Richard
|
| 245 |
1 |
0 |
|a Speedmailing :
|b turn your work enemy into your best work tool
|c Richard Wolfe.
|
| 264 |
|
|
|a Harlow, England:
|b Pearson Education,
|c 2016.
|
| 300 |
|
|
|a 1 online resource (xv, 68 pages):
|b illustrations, text file, PDF.
|
| 336 |
|
|
|a text
|2 rdacontent
|
| 337 |
|
|
|a computer
|2 rdamedia
|
| 338 |
|
|
|a online resource
|2 rdacarrier
|
| 650 |
0 |
0 |
|a Electronic mail systems
|
| 650 |
0 |
0 |
|a Electronic mail messages
|
| 655 |
0 |
0 |
|a Electronic books
|
| 856 |
4 |
2 |
|u http://library.unisel.edu.my/web/guest/mylibrary
|
| 997 |
|
|
|a Communication, Visual Art & Computing, Faculty
|b Computing, Department
|
| 999 |
|
|
|a EBO0011344
|b EBOOK
|c EBOOK
|e Electronic resources
|